[Event "Bratto op 24th"]
[Site "Bratto"]
[Date "2004.08.28"]
[Round "9"]
[White "Campanile, Roberto"]
[Black "Lanzani, Mario"]
[Result "1/2-1/2"]
[WhiteElo "2183"]
[BlackElo "2365"]
[PlyCount "137"]
[EventDate "2004.08.20"]
[EventType "swiss"]
[EventRounds "9"]
[EventCountry "ITA"]
[SourceTitle "CBM 101 Extra"]
[Source "ChessBase"]
[SourceDate "2004.09.01"]
[SourceVersion "2"]
[SourceVersionDate "2004.09.01"]
[SourceQuality "1"]

1. d4 e6 2. c4 Nf6 3. Nf3 d5 4. Nc3 dxc4 5. e3 a6 6. a4 c5 7. Bxc4 Nc6 8. 0-0 Be7 9. dxc5 Bxc5 10. Qxd8+ Kxd8 11. Rd1+ Ke7 12. h3 b6 13. e4 h6 14. e5 Nd7 15. Bf4 g5 16. Bg3 Bb7 17. Bd3 Nb4 18. Be4 Bxe4 19. Nxe4 Nd5 20. Rac1 Rhd8 21. Nd4 Bxd4 22. Rxd4 Rdc8 23. Rdd1 Nc5 24. Nd6 Rd8 25. Rc4 a5 26. Kf1 Nb4 27. Ke2 Rd7 28. h4 Nxa4 29. Ra1 b5 30. Nxb5 Nb6 31. Rc3 N6d5 32. Rcc1 Rb7 33. Nd6 Rc7 34. Rxc7+ Nxc7 35. hxg5 hxg5 36. Rh1 Ne8 37. Rh8 Rd8 38. Rxe8+ Rxe8 39. Nxe8 Kxe8 40. f3 Kd7 41. Be1 Nc6 42. Bc3 a4 43. Kd3 Kc7 44. Kc4 Kb6 45. g4 Ne7 46. Kb4 Ng6 47. Kxa4 Nh4 48. Kb4 Nxf3 49. Kc4 Nh2 50. Kd4 Nxg4 51. Bd2 Nh2 52. Ke4 g4 53. Kf4 Kc5 54. Ke4 Kc4 55. Bf4 Nf3 56. Bg3 Kb3 57. Kf4 Kxb2 58. Kxg4 Nd2 59. Kh5 Ne4 60. Bf4 Kc3 61. Kh6 Kd4 62. Kg7 Nc5 63. Kxf7 Kd5 64. Kg6 Nd3 65. Kg5 Nxe5 66. Bg3 Nd3 67. Kg4 Ke4 68. Bc7 Ne5+ 69. Kg3 1/2-1/2

[Event "Bratto op 24th"]
[Site "Bratto"]
[Date "2004.08.25"]
[Round "6"]
[White "Sedina, Elena"]
[Black "Campanile, Roberto"]
[Result "1-0"]
[WhiteElo "2396"]
[BlackElo "2183"]
[PlyCount "47"]
[EventDate "2004.08.20"]
[EventType "swiss"]
[EventRounds "9"]
[EventCountry "ITA"]
[SourceTitle "CBM 101 Extra"]
[Source "ChessBase"]
[SourceDate "2004.09.01"]
[SourceVersion "2"]
[SourceVersionDate "2004.09.01"]
[SourceQuality "1"]

1. e4 c5 2. Nf3 d6 3. Bb5+ Nc6 4. 0-0 Bd7 5. Re1 a6 6. Bxc6 Bxc6 7. d4 cxd4 8. Nxd4 e6 9. Nc3 Be7 10. Qf3 Qc7 11. Qg3 Nf6 12. Nxc6 Qxc6 13. Qxg7 Rg8 14. Qh6 0-0-0 15. a4 Rg6 16. Qe3 Rdg8 17. g3 h5 18. Ra3 Kb8 19. Nb5 axb5 20. axb5 Qc5 21. Qxc5 dxc5 22. Bf4+ e5 23. Bxe5+ Kc8 24. Rd1 1-0

[Event "Bratto op 24th"]
[Site "Bratto"]
[Date "2004.08.22"]
[Round "3"]
[White "Campanile, Roberto"]
[Black "Zimina, Olga"]
[Result "0-1"]
[WhiteElo "2183"]
[BlackElo "2430"]
[PlyCount "54"]
[EventDate "2004.08.20"]
[EventType "swiss"]
[EventRounds "9"]
[EventCountry "ITA"]
[SourceTitle "CBM 101 Extra"]
[Source "ChessBase"]
[SourceDate "2004.09.01"]
[SourceVersion "2"]
[SourceVersionDate "2004.09.01"]
[SourceQuality "1"]

1. d4 d5 2. Nf3 c6 3. c4 e6 4. e3 Nf6 5. Nc3 Nbd7 6. Qc2 b6 7. Bd3 Bb7 8. 0-0 Be7 9. b3 0-0 10. Bb2 Qc7 11. Rac1 Rad8 12. e4 dxe4 13. Nxe4 Nxe4 14. Bxe4 Nf6 15. Bd3 c5 16. d5 exd5 17. Bxf6 Bxf6 18. Bxh7+ Kh8 19. Qf5 Rfe8 20. Rfe1 Bb2 21. Rcd1 g6 22. Rxe8+ Rxe8 23. Qh3 Bc8 24. g4 Kg7 25. cxd5 Qf4 26. d6 Bxg4 27. d7 Bxh3 0-1

[Event "ITA-chT A1 34th"]
[Site "Italy"]
[Date "2004.04.18"]
[Round "5"]
[White "Campanile, Roberto"]
[Black "Shytaj, Luca"]
[Result "0-1"]
[WhiteElo "2183"]
[BlackElo "2342"]
[PlyCount "52"]
[EventDate "2004.03.06"]
[EventType "team"]
[EventRounds "5"]
[EventCountry "ITA"]
[SourceTitle "EXT 2007"]
[Source "ChessBase"]
[SourceDate "2006.11.23"]
[SourceVersion "1"]
[SourceVersionDate "2006.11.23"]
[SourceQuality "1"]

1. e4 c5 2. Nc3 d6 3. f4 Nc6 4. Nf3 g6 5. Bc4 Bg7 6. 0-0 e6 7. f5 exf5 8. d3 Nge7 9. Ng5 Bd4+ 10. Kh1 Ne5 11. Ne2 Nxc4 12. Nxd4 Ne5 13. Ndf3 h6 14. Nxe5 dxe5 15. Nf3 Nc6 16. exf5 Bxf5 17. Re1 Qe7 18. Bf4 f6 19. Nh4 0-0-0 20. g4 Be6 21. Nxg6 Qg7 22. Nxh8 Bd5+ 23. Kg1 exf4 24. h3 Ne5 25. Rxe5 fxe5 26. c4 Bc6 0-1

[Event "ITA-chT A1 34th"]
[Site "Italy"]
[Date "2004.03.07"]
[Round "2"]
[White "Campanile, Roberto"]
[Black "Sarno, Spartaco"]
[Result "1/2-1/2"]
[WhiteElo "2183"]
[BlackElo "2395"]
[PlyCount "97"]
[EventDate "2004.03.06"]
[EventType "team"]
[EventRounds "5"]
[EventCountry "ITA"]
[SourceTitle "EXT 2007"]
[Source "ChessBase"]
[SourceDate "2006.11.23"]
[SourceVersion "1"]
[SourceVersionDate "2006.11.23"]
[SourceQuality "1"]

1. d4 Nf6 2. c4 g6 3. Nc3 Bg7 4. e4 d6 5. Nf3 0-0 6. Be2 e5 7. 0-0 Nc6 8. d5 Ne7 9. Ne1 Ne8 10. Nd3 f5 11. f3 f4 12. g4 Bf6 13. Bd2 h5 14. h3 Bh4 15. Be1 Bxe1 16. Qxe1 g5 17. c5 Rf6 18. Kf2 Rh6 19. Rh1 Ng6 20. Qg1 Bd7 21. Ke1 Qe7 22. Rc1 Qh7 23. Kd2 Kf7 24. a4 hxg4 25. hxg4 Rxh1 26. Qxh1 Qxh1 27. Rxh1 Nh4 28. b4 Ke7 29. b5 c6 30. Rb1 cxb5 31. axb5 dxc5 32. Nxe5 Nd6 33. Nxd7 Kxd7 34. e5 Nc4+ 35. Bxc4 Nxf3+ 36. Kc2 Nxe5 37. Bd3 Rh8 38. Bf5+ Kd6 39. Rd1 Nc4 40. Kb3 Ne3 41. Re1 c4+ 42. Ka4 Rh2 43. Be6 Ke5 44. b6 axb6 45. Nb5 Ra2+ 46. Kb4 Rb2+ 47. Ka4 Ra2+ 48. Kb4 Rb2+ 49. Ka4 1/2-1/2

[Event "ITA-ch sf"]
[Site "San Martino di Castrozza"]
[Date "2003.06.29"]
[Round "9"]
[White "Campanile, Roberto"]
[Black "Ferri, Stefano"]
[Result "1/2-1/2"]
[WhiteElo "2184"]
[BlackElo "2069"]
[PlyCount "20"]
[EventDate "2003.06.21"]
[EventType "swiss"]
[EventRounds "9"]
[EventCountry "ITA"]
[SourceTitle "EXT 2005"]
[Source "ChessBase"]
[SourceDate "2004.11.15"]
[SourceVersion "1"]
[SourceVersionDate "2004.11.15"]
[SourceQuality "1"]

1. Nf3 Nf6 2. g3 g6 3. Bg2 Bg7 4. 0-0 0-0 5. c4 c5 6. Nc3 Nc6 7. d3 d6 8. e4 e5 9. Be3 Be6 10. Qd2 Qd7 1/2-1/2

[Event "Bari op"]
[Site "Bari"]
[Date "2003.01.19"]
[Round "3"]
[White "Campanile, Antonio"]
[Black "Campanile, Roberto"]
[Result "1/2-1/2"]
[WhiteElo "2180"]
[BlackElo "2184"]
[PlyCount "31"]
[EventDate "2003.01.18"]
[EventType "swiss"]
[EventRounds "6"]
[EventCountry "ITA"]
[SourceTitle "EXT 2023"]
[Source "ChessBase"]
[SourceDate "2022.10.05"]
[SourceVersion "1"]
[SourceVersionDate "2022.10.05"]
[SourceQuality "1"]

1. c4 g6 2. g3 Bg7 3. Bg2 d6 4. Nc3 e5 5. d3 Ne7 6. Nf3 0-0 7. 0-0 c5 8. Bd2 Nbc6 9. Qc1 f6 10. Ne1 Be6 11. Nc2 Qd7 12. Ne3 Bh3 13. Ncd5 Bxg2 14. Kxg2 Rae8 15. Qd1 Nxd5 16. Nxd5 1/2-1/2

[Event "Taranto op 1st"]
[Site "Taranto"]
[Date "2002.09.01"]
[Round "6"]
[White "Campanile, Roberto"]
[Black "Lorusso, Lucio"]
[Result "1-0"]
[WhiteElo "2182"]
[BlackElo "1902"]
[PlyCount "57"]
[EventDate "2002.08.29"]
[EventType "swiss"]
[EventRounds "7"]
[EventCountry "ITA"]
[SourceTitle "EXT 2007"]
[Source "ChessBase"]
[SourceDate "2006.11.23"]
[SourceVersion "1"]
[SourceVersionDate "2006.11.23"]
[SourceQuality "1"]

1. d4 c6 2. c4 d5 3. Nf3 Nf6 4. Nc3 dxc4 5. a4 Bf5 6. Ne5 Nbd7 7. Nxc4 e6 8. f3 Bb4 9. Bg5 Qc7 10. e4 Bg6 11. Qc1 h6 12. Bf4 Qd8 13. Nd6+ Kf8 14. a5 e5 15. dxe5 Nxe5 16. Nxb7 Qe7 17. a6 Bxe4 18. Kf2 Bc5+ 19. Nxc5 Qxc5+ 20. Be3 Neg4+ 21. fxg4 Nxg4+ 22. Ke2 Bd3+ 23. Kxd3 Rd8+ 24. Ke2 Re8 25. Nd1 Qh5 26. Kd2 Rd8+ 27. Ke1 Qe5 28. Qc5+ Kg8 29. Qxe5 1-0

[Event "Taranto op 1st"]
[Site "Taranto"]
[Date "2002.09.01"]
[Round "7"]
[White "Shytaj, Luca"]
[Black "Campanile, Roberto"]
[Result "1-0"]
[WhiteElo "2216"]
[BlackElo "2182"]
[PlyCount "73"]
[EventDate "2002.08.29"]
[EventType "swiss"]
[EventRounds "7"]
[EventCountry "ITA"]
[SourceTitle "EXT 2007"]
[Source "ChessBase"]
[SourceDate "2006.11.23"]
[SourceVersion "1"]
[SourceVersionDate "2006.11.23"]
[SourceQuality "1"]

1. e4 c5 2. Nf3 d6 3. d4 cxd4 4. Nxd4 Nf6 5. Nc3 a6 6. Bg5 e6 7. Qd2 Be7 8. f3 Qc7 9. 0-0-0 Nbd7 10. g4 Ne5 11. f4 Nexg4 12. h3 Nh6 13. Bg2 Nhg8 14. Rhe1 h6 15. Bh4 Nxe4 16. Rxe4 Bxh4 17. Nd5 Qd8 18. Nf5 Nf6 19. Nxd6+ Kf8 20. Nxf6 Bxf6 21. Rc4 Kg8 22. Be4 g5 23. h4 Kg7 24. fxg5 hxg5 25. hxg5 Bxg5 26. Rg1 f6 27. Rc5 Kf8 28. Rcxg5 fxg5 29. Qf2+ Ke7 30. Qf7+ Kxd6 31. Rd1+ Ke5 32. Rxd8 Rxd8 33. Qc7+ Rd6 34. Bg2 Bd7 35. Bxb7 Bc6 36. Bxa8 Bxa8 37. c4 1-0

[Event "Castellaneta op 4th"]
[Site "Castellaneta"]
[Date "2000.08.30"]
[Round "4"]
[White "Piscopo, Pierluigi"]
[Black "Campanile, Roberto"]
[Result "1/2-1/2"]
[WhiteElo "2134"]
[BlackElo "2173"]
[PlyCount "86"]
[EventDate "2000.08.??"]
[EventType "swiss"]
[EventRounds "6"]
[EventCountry "ITA"]
[SourceTitle "EXT 2005"]
[Source "ChessBase"]
[SourceDate "2004.11.15"]
[SourceVersion "1"]
[SourceVersionDate "2004.11.15"]
[SourceQuality "1"]

1. e4 c5 2. Nf3 d6 3. d4 cxd4 4. Nxd4 Nf6 5. Nc3 a6 6. Bc4 e6 7. Bb3 Be7 8. f4 Qc7 9. 0-0 Nc6 10. Be3 Bd7 11. f5 Nxd4 12. Bxd4 e5 13. Be3 Bc6 14. Qd3 Rc8 15. a4 Qa5 16. Rae1 Ng4 17. Kh1 h6 18. Bg1 Rd8 19. Nd5 Bxd5 20. Bxd5 0-0 21. Bxb7 Rb8 22. Bxa6 Rxb2 23. Bc4 Qxa4 24. Bb3 Qb4 25. Ra1 Bg5 26. Rfd1 Nf6 27. Ra4 Qb7 28. Qxd6 Nxe4 29. Qxe5 Rxb3 30. cxb3 Qxb3 31. Rda1 Nf6 32. Qd4 Qd5 33. h4 Bd2 34. Rd1 Qxd4 35. Rxd4 Bc3 36. R4d3 Be5 37. Bc5 Rc8 38. Rd8+ Rxd8 39. Rxd8+ Kh7 40. Bd4 Bxd4 41. Rxd4 h5 42. Kh2 Ng4+ 43. Kg3 Ne5 1/2-1/2

[Event "Castellaneta op 4th"]
[Site "Castellaneta"]
[Date "2000.08.29"]
[Round "1"]
[White "Campanile, Roberto"]
[Black "Miezis, Normunds"]
[Result "0-1"]
[WhiteElo "2173"]
[BlackElo "2518"]
[PlyCount "86"]
[EventDate "2000.08.??"]
[EventType "swiss"]
[EventRounds "6"]
[EventCountry "ITA"]
[SourceTitle "EXT 2005"]
[Source "ChessBase"]
[SourceDate "2004.11.15"]
[SourceVersion "1"]
[SourceVersionDate "2004.11.15"]
[SourceQuality "1"]

1. d4 Nf6 2. c4 c5 3. d5 e6 4. Nc3 exd5 5. cxd5 Bd6 6. Nf3 Bc7 7. e4 d6 8. Be2 a6 9. a4 0-0 10. 0-0 Re8 11. Nd2 Nbd7 12. f3 Ne5 13. Nc4 Ng6 14. a5 Ne5 15. Nxe5 Rxe5 16. Qa4 Bd7 17. Qa3 Re8 18. Bg5 h6 19. Bh4 g5 20. Bf2 Nh5 21. Rfe1 Nf4 22. Bf1 Qf6 23. b4 Rac8 24. Rac1 h5 25. Na4 h4 26. Nb6 Bxb6 27. axb6 c4 28. Qc3 Qg6 29. h3 Bb5 30. Bd4 Kh7 31. Qd2 f6 32. Rc3 f5 33. Rce3 fxe4 34. Rxe4 Rxe4 35. Rxe4 Re8 36. Rxe8 Qxe8 37. Bc3 Kg6 38. Kf2 Qe7 39. Qd4 Qe5 40. Qe4+ Qf5 41. Qd4 Qf7 42. g3 hxg3+ 43. Kxg3 Nxd5 0-1

[Event "Verona op 5th"]
[Site "Verona"]
[Date "1999.??.??"]
[Round "?"]
[White "Campanile, Roberto"]
[Black "Satta, Vladimiro"]
[Result "1-0"]
[WhiteElo "2112"]
[BlackElo "2214"]
[PlyCount "111"]
[EventDate "1999.??.??"]
[EventType "swiss"]
[EventRounds "7"]
[EventCountry "ITA"]
[SourceTitle "EXT 2005"]
[Source "ChessBase"]
[SourceDate "2004.11.15"]
[SourceVersion "1"]
[SourceVersionDate "2004.11.15"]
[SourceQuality "1"]

1. d4 Nf6 2. Nf3 e6 3. c4 b6 4. g3 Bb7 5. Bg2 c5 6. d5 exd5 7. Nh4 g6 8. Nc3 Bg7 9. 0-0 0-0 10. Bg5 Re8 11. Nxd5 Nc6 12. Qd2 Rb8 13. Rad1 Nd4 14. e3 Ne6 15. Bxf6 Bxf6 16. Nxf6+ Qxf6 17. Bxb7 Rxb7 18. Qd5 Rc7 19. b3 Rd8 20. Rd2 Rc6 21. Rfd1 Nc7 22. Qe4 g5 23. Nf5 Re8 24. Qf3 Re5 25. g4 d5 26. cxd5 Rd6 27. Kg2 Rd8 28. d6 Nb5 29. Ne7+ Kg7 30. Qxf6+ Kxf6 31. Nc6 Rd7 32. Nxe5 Kxe5 33. Rd3 h6 34. a4 Nxd6 35. f4+ Ke6 36. f5+ Ke7 37. e4 Rd8 38. e5 Nb7 39. Rxd8 Nxd8 40. Rd6 Nb7 41. Rxh6 Na5 42. Rh7 Ke8 43. Rh3 c4 44. bxc4 Nxc4 45. e6 fxe6 46. fxe6 a6 47. Rh7 Nb2 48. a5 bxa5 49. Ra7 Nc4 50. Rxa6 Ke7 51. Kg3 Kf6 52. h4 gxh4+ 53. Kxh4 Ne5 54. Rxa5 Kxe6 55. Rxe5+ Kxe5 56. Kg5 1-0

[Event "Verona op 5th"]
[Site "Verona"]
[Date "1999.??.??"]
[Round "?"]
[White "Franchini, Gabriele"]
[Black "Campanile, Roberto"]
[Result "1/2-1/2"]
[WhiteElo "2203"]
[BlackElo "2112"]
[PlyCount "39"]
[EventDate "1999.??.??"]
[EventType "swiss"]
[EventRounds "7"]
[EventCountry "ITA"]
[SourceTitle "EXT 2005"]
[Source "ChessBase"]
[SourceDate "2004.11.15"]
[SourceVersion "1"]
[SourceVersionDate "2004.11.15"]
[SourceQuality "1"]

1. e4 c5 2. d4 cxd4 3. c3 dxc3 4. Nxc3 Nc6 5. Nf3 a6 6. Bc4 e6 7. 0-0 Nge7 8. Qe2 Ng6 9. Be3 b5 10. Bb3 Be7 11. Rfd1 0-0 12. Rac1 Bb7 13. Rd2 d6 14. Rcd1 Qc7 15. Nd4 Nxd4 16. Bxd4 Bc6 17. Qg4 b4 18. Ne2 Qb7 19. Ng3 Rad8 20. Rc1 1/2-1/2